Т. 5: Кристалл с грифоном. Год единорога. Гаран вечный.: романы; Избранные фантастические произведения

Opis bibliograficzny
Parent link:Избранные фантастические произведения: пер. с англ./ А. Нортон. Т. 5: Кристалл с грифоном. Год единорога. Гаран вечный.— , 1993-
Streszczenie:Исключено из фонда НТБ ТПУ
Język:rosyjski
Wydane: 1993
Format: MixedMaterials Książka
KOHA link:https://koha.lib.tpu.ru/cgi-bin/koha/opac-detail.pl?biblionumber=91427

MARC

LEADER 00000nam2a2200000 4500
001 91427
005 20231031104045.0
010 |a 5863140100 
035 |a (RuTPU)RU\TPU\book\98015 
035 |a RU\TPU\book\96235 
090 |a 91427 
100 |a 20060224d1993 m y0rusy50 ca 
101 1 |a rus  |c eng 
102 |a RU 
105 |a y z 000ay 
200 0 |a Т. 5: Кристалл с грифоном. Год единорога. Гаран вечный.  |e романы 
210 |d 1993 
215 |a 414 с.  |c ил. 
333 |a Исключено из фонда НТБ ТПУ 
461 1 |0 (RuTPU)RU\TPU\book\98013  |t Избранные фантастические произведения  |o пер. с англ.  |f А. Нортон  |v Т. 5: Кристалл с грифоном. Год единорога. Гаран вечный  |d 1993- 
801 1 |a RU  |b 63413507  |c 20060126  |g PSBO 
801 2 |a RU  |b 63413507  |c 20170906  |g PSBO 
942 |c BK